Countries of the World In their Official Language With a Map - Statistics

General Stats
  • This quiz has been taken 49 times
  • The average score is 91 of 196
Answers on the Map
Answers color-coded by a green-red scale on the quiz's map according to % correct below.
 
Answer Stats
Country % Correct
United Kingdom
100%
United States
94%
Canada
91%
Australia
89%
Mexico
89%
New Zealand
86%
France
83%
Argentina
80%
Chile
80%
Ecuador
80%
Brasil
77%
Colombia
77%
Deutschland
77%
Guatemala
77%
Guyana
77%
Haiti
77%
Honduras
77%
Paraguay
77%
Portugal
77%
Uruguay
77%
Belize
74%
Cuba
74%
Dominica
74%
El Salvador
74%
Espana
74%
Italia
74%
Nederland
74%
Panama
74%
Suriname
74%
Venezuela
74%
Bolivia
71%
Costa Rica
71%
Danmark
71%
Jamaica
71%
Nicaragua
71%
Polska
71%
South Africa
71%
Suomi
71%
Turkiye
71%
Angola
69%
Bahamas
69%
Island
69%
Kiribati
69%
Lao
69%
Nauru
69%
Saint Lucia
69%
Antigua and Barbuda
66%
Eire
66%
Federated States of Micronesia
66%
Indonesia
66%
Malaysia
66%
Malta
66%
Mauritius
66%
Nepal
66%
Norge
66%
Osterreich
66%
Saint Vincent and the Grenadines
66%
Tonga
66%
Trinidad and Tobago
66%
Tuvalu
66%
Vanuatu
66%
Barbados
63%
Benin
63%
Botswana
63%
Eswatini
63%
Fiji
63%
Ghana
63%
Lesotho
63%
Marshall Islands
63%
Pakistan
63%
Saint Kitts and Nevis
63%
Samoa
63%
Solomon Islands
63%
Sri Lanka
63%
Togo
63%
Belgie
60%
Burkina Faso
60%
Cote d'Ivoire
60%
Grenada
60%
Iran
60%
Kenya
60%
Liberia
60%
Luxembourg
60%
Niger
60%
Nihon
60%
Papua New Guinea
60%
Senegal
60%
Sverige
60%
Uganda
60%
Zambia
60%
Zimbabwe
60%
Andorra
57%
Gambia
57%
Hellas
57%
Monaco
57%
Myanma
57%
Namibia
57%
Nigeria
57%
Romania
57%
Rwanda
57%
Sierra Leone
57%
Tanzania
57%
Cabo Verde
54%
Mali
54%
Bangladesh
51%
Eesti
51%
Hrvatska
51%
Liechtenstein
51%
Malawi
51%
Moldova
51%
Peruf
51%
Thai
51%
Turkmenistan
51%
Brunei
49%
Kyrgyzstan
49%
Rossiya
49%
Latvija
46%
Qatar
46%
San Marino
46%
Schweiz
46%
Libya
43%
Lietuva
43%
Republica Dominicana
43%
Slovenija
43%
Slovensko
40%
South Sudan
40%
Kosova
37%
Misr
37%
Tchad
37%
Zhongguo
37%
Sao Tome e Príncipe
34%
Cameroun
31%
Guinee
31%
Afganistan
29%
Ceska republika
29%
Crna Gora
29%
Kampuchea
29%
Kypros
29%
Magyarorszag
29%
Singapura
29%
Srbija
29%
Mocambique
26%
Pilipinas
26%
Shqiperia
26%
Viet Nam
26%
Belau
23%
Guine-Bissau
23%
Hayastán
23%
Sak'art'velo
20%
‘Uman
20%
Choson
17%
Qazaqstan
17%
Guinea Ecuatorial
14%
Hanguk
14%
Republique du Congo
14%
Yisra'el
14%
Azərbaycan
11%
Balgariya
11%
Jibuti
11%
Lubnān
11%
Mongol Uls
11%
O‘zbekiston
11%
Sesel
11%
Al-'Iraq
9%
Bosna i Hercegovina
9%
Civitas Vaticana
9%
Druk Yul
9%
Ityop'ia
9%
Komori
9%
Republique democratique du Congo
9%
Tojikistan
9%
Ukrajina
9%
Bielarus
6%
Madagasikara
6%
Republique gabonaise
6%
Severna Makedonija
6%
Al-Baḥrayn
3%
Al-’Urdun
3%
Al-Yaman
3%
As-Sudan
3%
Centrafrique
3%
Muritan
3%
Soomaaliya
3%
Timor Lorosa'e
3%
Tunes
3%
Uburundi
3%
Zhonghua Minguo
3%
Al-’Imarat Al-‘Arabiyyah
0%
Al-Mamlaka Al-‘Arabiyyah as Sa‘udiyyah
0%
Amerruk
0%
Bharot
0%
Dawlat ul-Kuwayt
0%
Dhivehi Raajje
0%
Dzayer
0%
Iritriya
0%
Suriyah
0%
No matching quizzes found
Score Distribution
Percent of People with Each Score
Percentile by Number Answered
Your Score History
You have not taken this quiz